00838 2200301 4500001002100000005001500021035002000036007000300056008004100059020002200100082001200122084001400134100003200148245006200180250002000242300002800262650002100290700002100311264003000332336002100362337003000383338002300413040002200436090002200458850001200480999002200492990002200514INLIS00000000086099920210611112125 a0010-0621000534ta210611s2021 yoia f | ind d a978-979-21-6916-404223a266 a266 SAN p0 aSanti DjiwandonoePengarang10aPewarta komunikatif /cSanti Djiwandono; penyunting, Widi aCetakan pertama axx, 98 halaman ;c19 cm 4aPengabaran Injil0 aWidiePenyunting31aSleman :bKanisius,c2021 2rdacontentateks 2rdamediaatanpa perantara 2rdacarrieravolume aYOPDYOGbinderda aCB-D.11 2021-0470 aYOPDYOG aCB-D.11/2021-0470 aCB-D.11/2021-0470